| 000 | 00519nam a2200193Ia 4500 | ||
|---|---|---|---|
| 008 | 131103s9999 xx 000 0 und d | ||
| 020 | _a076199775x | ||
| 040 | _aLoreto College | ||
| 041 | _aEnglish | ||
| 082 |
_a371.9/VEN _bLCBED/14305 |
||
| 100 | _aVenkatesan, S. | ||
| 245 |
_aChildren with devolopment disabilities _cS. Venkatesan |
||
| 260 |
_aNew Delhi _bSage pub. _c2004 |
||
| 300 |
_a251p. _c 24cm. |
||
| 504 | _aIncludes index | ||
| 650 | _aEducation | ||
| 651 | _aChildren - devolopment | ||
| 942 | _cBK | ||
| 999 |
_c26060 _d76539 |
||